000
00223nam a2200097Ia 4500
008
170620s9999 xx 000 0 und d
100
_a
Sharma.O.P
245
0
_a
Skills & Ruled Athletics
260
_b
New delhi.Khel.S.k
260
_c
2005
300
_a
158
999
_c
27660
_d
27660